Southville International School and Colleges
Your cart is empty.
  • Cart
  • Lists
    Public lists Eva Luna New books Lux_list list_1
    Your lists Log in to create your own lists
  • Log in to your account
  • Your cookies
  • Search history
Southville International School and Colleges
  • Advanced search
  • Recent comments
  • Most popular
  • Libraries

Log in to your account

Log in with GOOGLE


If you do not have an external account, but do have a local account, you can still log in:

  1. Home
  2. MARC view: Leadership roles and management functions in nursing :
Normal view MARC view ISBD view

Leadership roles and management functions in nursing : (Record no. 15494)

[ view plain ]
MARC details
000 -LEADER
fixed length control field 01573cam a22004454a 4500
001 - CONTROL NUMBER
control field 15028672
003 - CONTROL NUMBER IDENTIFIER
control field OSt
005 - DATE AND TIME OF LATEST TRANSACTION
control field 20140310182734.0
008 - FIXED-LENGTH DATA ELEMENTS--GENERAL INFORMATION
fixed length control field 070928s2009 paua b 001 0 eng
010 ## - LIBRARY OF CONGRESS CONTROL NUMBER
LC control number 2007040508
016 7# - NATIONAL BIBLIOGRAPHIC AGENCY CONTROL NUMBER
Record control number 101317529
Source DNLM
020 ## - INTERNATIONAL STANDARD BOOK NUMBER
International Standard Book Number 9780781772464
020 ## - INTERNATIONAL STANDARD BOOK NUMBER
International Standard Book Number 9781605476414
035 ## - SYSTEM CONTROL NUMBER
System control number (OCoLC)ocn173659635
035 ## - SYSTEM CONTROL NUMBER
System control number (OCoLC)173659635
Canceled/invalid control number (OCoLC)154806841
040 ## - CATALOGING SOURCE
Original cataloging agency DNLM/DLC
Transcribing agency DLC
Modifying agency NLM
-- BTCTA
-- BAKER
-- C#P
-- YDXCP
-- JYJ
-- DLC
042 ## - AUTHENTICATION CODE
Authentication code pcc
050 00 - LIBRARY OF CONGRESS CALL NUMBER
Classification number RT 89
Item number .M387 2009
100 1# - MAIN ENTRY--PERSONAL NAME
Personal name Marquis, Bessie L.
245 10 - TITLE STATEMENT
Title Leadership roles and management functions in nursing :
Remainder of title theory and application /
Statement of responsibility, etc Bessie L. Marquis, Carol J. Huston.
250 ## - EDITION STATEMENT
Edition statement 6th ed.
260 ## - PUBLICATION, DISTRIBUTION, ETC. (IMPRINT)
Place of publication, distribution, etc Philadelphia :
Name of publisher, distributor, etc Wolters Kluwer Health/Lippincott Williams & Wilkins,
Date of publication, distribution, etc c2009.
300 ## - PHYSICAL DESCRIPTION
Extent xviii, 654 p. :
Other physical details col. ill. ;
Dimensions 24 cm.
521 ## - TARGET AUDIENCE NOTE
Target audience note
650 #0 - SUBJECT ADDED ENTRY--TOPICAL TERM
Topical term or geographic name as entry element Nursing services
General subdivision Administration.
650 #0 - SUBJECT ADDED ENTRY--TOPICAL TERM
Topical term or geographic name as entry element Leadership.
650 12 - SUBJECT ADDED ENTRY--TOPICAL TERM
Topical term or geographic name as entry element Leadership.
650 12 - SUBJECT ADDED ENTRY--TOPICAL TERM
Topical term or geographic name as entry element Nursing, Supervisory.
650 22 - SUBJECT ADDED ENTRY--TOPICAL TERM
Topical term or geographic name as entry element Nurse Administrators.
650 22 - SUBJECT ADDED ENTRY--TOPICAL TERM
Topical term or geographic name as entry element Nursing
General subdivision organization & administration.
700 1# - ADDED ENTRY--PERSONAL NAME
Personal name Huston, Carol Jorgensen.
856 41 - ELECTRONIC LOCATION AND ACCESS
Materials specified Table of contents only
Uniform Resource Identifier <a href="http://www.loc.gov/catdir/toc/ecip081/2007040508.html">http://www.loc.gov/catdir/toc/ecip081/2007040508.html</a>
856 42 - ELECTRONIC LOCATION AND ACCESS
Materials specified Publisher description
Uniform Resource Identifier <a href="http://www.loc.gov/catdir/enhancements/fy0801/2007040508-d.html">http://www.loc.gov/catdir/enhancements/fy0801/2007040508-d.html</a>
906 ## - LOCAL DATA ELEMENT F, LDF (RLIN)
a 7
b cbc
c orignew
d 1
e ecip
f 20
g y-gencatlg
942 ## - ADDED ENTRY ELEMENTS (KOHA)
Source of classification or shelving scheme Library of Congress Classification
Koha item type Books
Call number prefix Foreign
Holdings
Withdrawn status Lost status Source of classification or shelving scheme Damaged status Home library Current library Shelving location Date acquired Total Checkouts Full call number Barcode Date last seen Copy number Price effective from Koha item type
    Library of Congress Classification   College Library College Library General Circulation Section 04/23/2012   RT 89 .M387 2009 C10897 05/15/2018 1 03/10/2014 Books
    Library of Congress Classification   College Library College Library General Circulation Section 02/18/2013   RT 89 .M387 2009 C13767 05/15/2018 2 03/10/2014 Books
    Library of Congress Classification   College Library College Library General Circulation Section 09/26/2012   RT 89 .M387 2009 C15412 05/15/2018 3 03/10/2014 Books
    Library of Congress Classification   College Library College Library General Circulation Section 01/03/2014   RT 89 .M387 2009 C11601 05/15/2018 4 01/03/2014 Books

Leadership roles and management functions in nursing :

APA

Marquis B. L., Huston C. J., . (2009). Leadership roles and management functions in nursing. Philadelphia: Wolters Kluwer Health/Lippincott Williams & Wilkins.

Chicago

Marquis Bessie L, Huston Carol Jorgensen, . 2009. Leadership roles and management functions in nursing. Philadelphia: Wolters Kluwer Health/Lippincott Williams & Wilkins.

Harvard

Marquis B. L., Huston C. J., . (2009). Leadership roles and management functions in nursing. Philadelphia: Wolters Kluwer Health/Lippincott Williams & Wilkins.

MLA

Marquis Bessie L, Huston Carol Jorgensen, . Leadership roles and management functions in nursing. Philadelphia: Wolters Kluwer Health/Lippincott Williams & Wilkins. 2009.

  • Place hold
  • Print
  • Cite
  • Add to your cart (remove)
  • Save record
    BIBTEX Dublin Core MARCXML MARC (non-Unicode/MARC-8) MARC (Unicode/UTF-8) MARC (Unicode/UTF-8, Standard) MODS (XML) RIS
  • More searches
    Search for this title in:
    Other Libraries (WorldCat) Other Databases (Google Scholar) Online Stores (Bookfinder.com) Open Library (openlibrary.org)

Exporting to Dublin Core...

SOUTHVILLE LIBRARY

Southville International School and Colleges Library

1281 Tropical Ave. Cor. Luxembourg St., BF Homes International, Las Pinas City

Tel. No. 8256374 / 252358 Loc. 117/146

Powered by Koha